Responses for Show #6699 - Thursday, October 31, 2013

Contestants

[<< previous game]

Jermaine Jones, a program manager from Brooklyn, New York

Rhea Hantelman, an administrative assistant from Marysville, Washington

Jennifer Spirko, a public librarian from Maryville, Tennessee (whose 1-day cash winnings total $20,001)

[next game >>]

Jeopardy! Round responses

STATE YOUR BUSINESS
(Alex: We'll give you the business. You tell us what state it's headquartered in.)
THE WORLD OF DR. SEUSS
A TREASURE TROVE
ABBREVIATED VIDEO GAME TITLES
WORDPLAY GRAB BAG
INDEPENDENCE SEAPORT MUSEUM
(Kelly: The [*]--a trip through U.S. maritime history in this most important port of the Colonial era.)
    $200 2
Michigan

Jennifer
    $200 1
the Grinch

Jermaine
    $200 16
Tutankhamun

Rhea
    $200 21
World of Warcraft

Jennifer
    $200 11
keel

Rhea
    $200 26
the Spanish-American War

Jennifer
    $400 7
(Jermaine: What is Washington?)

California

JenniferJermaine
    $400 3
Sam-I-Am

Jennifer
    $400 17
(Rhea: What is Nevada?)
(Jennifer: What is California?)

Montana

JenniferRhea
Triple Stumper
    $400 22
Call of Duty

Jennifer
    $400 12
gripe

Jermaine
    $400 27
peace

Jennifer
    $600 8
Arkansas

Rhea
    $600 4
turtle

Rhea
    $600 18
The Treasure of the Sierra Madre

Jermaine
    $600 23
Second Life

Jennifer
    $600 13
(Jermaine: What is abnegation?)
[Initially ruled incorrect; reversed after the first break]

abstinence

JenniferJermaine
    $600 28
John Paul Jones

Jermaine
    $600 9
(Rhea: What is... Texas?)

Georgia

Rhea
    $800 5
500

Triple Stumper
    $800 19
dwarves

Triple Stumper
    $800 24
EverQuest

Jennifer
    $800 14
please

Rhea
    $800 29
chronometer

Jennifer
    $1000 10
Missouri

Jermaine
    $1000 6
(Alex: Yes. Theodor [*].)

Geisel

Jermaine
    $1000 20
Venus de Milo

Rhea
    $1000 25
Assassin's Creed

Jennifer
    $1000 15
invertebrate

Jermaine
    $1000 30
(Douglas) MacArthur

Jermaine

Scores at the first commercial break (after clue 15):

Jennifer Rhea Jermaine
$1,600 $1,600 $3,800

Scores at the end of the Jeopardy! Round:

Jennifer Rhea Jermaine
$5,600 $2,400 $6,000

Double Jeopardy! Round responses

GONE WITH THE WIND
"RET-"
BUTLER
PARTING WORDS
FRANKLY, MY DEAR
WE GIVE A DAM
    $400 2
a typewriter

Rhea
    $400 1
retribution

Jennifer
    $400 7
Downton Abbey

Jennifer
    $400 12
split

Jennifer
    $400 17
postscript

Rhea
    $400 22
Russia

Rhea
    $800 27
Ashley Wilkes

Jennifer
    $800 3
retro

Rhea
    $800 8
Lurch

Rhea
    $800 13
mantle

Rhea
    $800 18
feminism

Rhea
    $800 23
the Alps

Jermaine
    $1200 28
LaserDisc

Triple Stumper
    $1200 4
retirement

Rhea
    $1200 9
(Alex: Played by Michael Caine, [*].)

Alfred

Triple Stumper
    $1200 14
rupture

Rhea
    $1200 19
Kipling

Rhea
    $1200 24
Aswan

Rhea
    $1600 29
cow

Rhea
    $1600 5
reticulated

Rhea
    $1600 10
Riff-Raff

Rhea
    $1600 15
Down syndrome

Rhea
    $1600 20
Nietzsche

Jermaine
    $2,000 25
Kemal Atatürk

Rhea
    $2000 30
Air America

Rhea
    $2000 6
a retinue

Jermaine
    $2000 11
Blackadder

Rhea
    $2000 16
(Jennifer: What is... diameter?)

bisector

Jennifer
Triple Stumper
    $3,000 21
(Jermaine: Who is Sophocles?)

Aristophanes

Jermaine
    $2000 26
the Grand Coulee

Rhea

Scores at the end of the Double Jeopardy! Round:

Jennifer Rhea Jermaine
$5,600 $26,000 $7,400
(lock game)

[wagering suggestions for these scores]

Final Jeopardy! Round responses

THE TUDORS
(Alex: [*], who wrote the poem while she was in the tower.)
JenniferWho was Elizabeth I ?
$5,500
JermaineWho is Mary Queen of Scots?
$2,600
RheaWho is Mary Mary Queen of Scots?
$1,000
Anne Boleyn

Final scores:

Jennifer Rhea Jermaine
$100 $25,000 $4,800
3rd place: $1,000 New champion: $25,000 2nd place: $2,000

Game dynamics:

Coryat scores:

Jennifer Rhea Jermaine
$5,600 $26,200 $10,400
16 R,
2 W
25 R
(including 1 DD),
2 W
(including 1 DD)
12 R,
2 W
(including 1 DD)

Combined Coryat: $42,200

[game clues] [game scores] [suggest correction]

Game tape date: 2013-09-16
The J! Archive is created by fans, for fans. Scraping, republication, monetization, and malicious use prohibited; this site may use cookies and collect identifying information. See terms. The Jeopardy! game show and all elements thereof, including but not limited to copyright and trademark thereto, are the property of Jeopardy Productions, Inc. and are protected under law. This website is not affiliated with, sponsored by, or operated by Jeopardy Productions, Inc. Join the discussion at JBoard.tv.